Sadomasochismo /

Guardat en:
Dades bibliogràfiques
Autor principal: Welldon, Estela V. (Autor)
Format: Llibre
Idioma:italià
Publicat: Torino : CSE, c2006
Col·lecció:Le parole della psicanalisi
Etiquetes: Afegir etiqueta
Sense etiquetes, Sigues el primer a etiquetar aquest registre!

MARC

LEADER 00000nam a22000007i 4500
001 IT\ICCU\UBO\3543342
003 ItRI
005 20260115231924.0
008 081215s2006 it |||||| ||||| |||||c
020 |a 8876407448 
040 |b ita  |c importazione bologna sebina 
041 7 |a ita  |2 ISO-639-2 
100 1 |a Welldon, Estela V.  |0 IT\ICCU\UFIV\116428  |4 aut 
245 1 0 |a Sadomasochismo /  |c Estela V. Welldon. 
260 |a Torino :  |b CSE,  |c c2006 
300 |a 79 p. :  |b 19 cm. 
830 3 |a Le parole della psicanalisi  |0 IT\ICCU\UBO\3543352 
942 |2 ddc  |c BK  |n 0 
952 |0 0  |1 0  |4 0  |6 DOC_150_195000000000000_WEL  |7 0  |9 16608  |a BO  |b BO  |d 2026-01-15  |i 12329  |l 0  |o DOC 150.195 WEL  |p BO12329  |r 2026-01-15 23:19:24  |w 2026-01-15  |x [Sebina 5] [1 v.]  |y BK  |z 1 v. 
999 |c 14212  |d 14212